Experiencias de aprendizaje para compartir con maestras jardineras

Este libro esta escrito por profesionales experimentados y comprometidos con la labor educativa que procuran llegar a la educación personalizadora en los jardines infantiles por medio de la didáctica operativa y el aprendizaje constructivo.

Saved in:
Bibliografiske detaljer
Hovedforfatter: Zafferri, Emilia Luisa
Andre forfattere: Sarto, María Teresa
Format: Bog
Sprog:Spanish
Udgivet: Buenos Aires: Ediciones Braga, 1991
Serier:Colección didáctica operativa
Fag:
Online adgang:Enlace del recurso
Tags: Tilføj Tag
Ingen Tags, Vær først til at tagge denne postø!

MARC

LEADER 00000nam a2200000 a 4500
001 001195
008 031008s1991 ag a fr# #000|0#spa#d
020 |a 950-755-010-0 
041 0 |a spa 
043 |a s-ag--- 
082 0 4 |a 372.218  |b Z133e 
100 1 |a Zafferri, Emilia Luisa 
245 1 0 |a Experiencias de aprendizaje para compartir con maestras jardineras   |c Emilia Luisa Zafferri; María Teresa Sarto 
260 |a Buenos Aires:  |b Ediciones Braga,  |c 1991 
300 |a 112 p.:  |b il., tabl., gráf. 
440 0 |a Colección didáctica operativa 
504 |a Incluye bibliografía. 
520 3 |a Este libro esta escrito por profesionales experimentados y comprometidos con la labor educativa que procuran llegar a la educación personalizadora en los jardines infantiles por medio de la didáctica operativa y el aprendizaje constructivo. 
650 1 4 |a JARDINES INFANTILES 
650 1 4 |a EDUCACIÓN PREESCOLAR 
700 1 |a Sarto, María Teresa 
999 |c 3347  |d 3347 
856 |u https://catalogo.idep.edu.co/cgi-bin/koha/opac-detail.pl?biblionumber=3347  |z Enlace del recurso